Viva Franco (Record no. 181032)

MARC details
000 -LEADER
campo de control de longitud fija 01118nam a22002775i 4500
001 - NÚMERO DE CONTROL
campo de control 181032
003 - IDENTIFICADOR DE NÚMERO DE CONTROL
campo de control ES-MaACL
005 - FECHA Y HORA DE LA ÚLTIMA TRANSACCIÓN
campo de control 20231004125411.0
008 - DATOS DE LONGITUD FIJA--INFORMACIÓN GENERAL
campo de control de longitud fija 121005s1995 sp | |||| ||spa d
020 ## - NÚMERO INTERNACIONAL ESTÁNDAR DEL LIBRO
Número Internacional Estándar del Libro 84-605-2463-9
080 ## - NÚMERO DE LA CLASIFICACIÓN DECIMAL UNIVERSAL
Número de la Clasificación Decimal Universal 32(460.356 M.)1939/55"
080 ## - NÚMERO DE LA CLASIFICACIÓN DECIMAL UNIVERSAL
Número de la Clasificación Decimal Universal 308(460.356 M.)"1939/55"
080 ## - NÚMERO DE LA CLASIFICACIÓN DECIMAL UNIVERSAL
Número de la Clasificación Decimal Universal 338.1(460.356 M.)"1939/55"
100 1# - ENTRADA PRINCIPAL--NOMBRE DE PERSONA
Nombre de persona Eiroa San Francisco, Matilde.
9 (RLIN) 46848
245 10 - MENCIÓN DEL TÍTULO
Título Viva Franco
Resto del título : hambre, racionamiento, falangismo : Málaga, 1939-1942 /
Mención de responsabilidad, etc. Matilde Eiroa San Francisco.
260 ## - PUBLICACIÓN, DISTRIBUCIÓN, ETC.
Lugar de publicación, distribución, etc. [Málaga] :
Nombre del editor, distribuidor, etc. M. Eiroa San Francisco,
Fecha de publicación, distribución, etc. D.L. 1995 (
Lugar de fabricación/manufactura Málaga :
Fabricante Artes Gráf. Aprisa)
300 ## - DESCRIPCIÓN FÍSICA
Extensión 304 p. :
Otras características físicas il. ;
Dimensiones 24 cm.
504 ## - NOTA DE BIBLIOGRAFÍA, ETC.
Nota de bibliografía, etc. Fuentes documentales y bibliográficas: p. 288-304.
650 #4 - PUNTO DE ACCESO ADICIONAL DE MATERIA--TÉRMINO DE MATERIA
Término de materia o nombre geográfico como elemento de entrada Racionamiento alimentario-
Subdivisión geográfica Málaga.
9 (RLIN) 151550
651 #4 - PUNTO DE ACCESO ADICIONAL DE MATERIA--NOMBRE GEOGRÁFICO
Nombre geográfico Málaga-
Subdivisión general Historia-
Subdivisión cronológica 1939-1975.
9 (RLIN) 151551
852 ## - LOCALIZACIÓN
Ubicación ES-MaACL
Número de control de estantería A-12246
itemnumber 187915
Sublocalización o colección R.147118
Ubicación en estantería Depósito 1
Signatura antigua Olim: N-5251
Encuadernación Donacion:de la autora Matilde Eiroa San Francisco
903 ## - NOMBRE PERSONAL DE DONANTE
9 46848
a Eiroa San Francisco, Matilde
e Donante
942 ## - ELEMENTOS DE ENTRADA SECUNDARIOS (KOHA)
Fuente del sistema de clasificación o colocación Clasificación decimal universal
Tipo de ítem Koha Libro impreso
Holdings
Estatus retirado Estado de pérdida Fuente del sistema de clasificación o colocación Estado de daño No para préstamo Biblioteca de origen Biblioteca actual Ubicación en estantería Fecha de adquisición Fuente de adquisición Total de préstamos Signatura topográfica completa Código de barras Visto por última vez Precio de reemplazo Tipo de ítem Koha
    Clasificación decimal universal     Biblioteca del Ateneo de Madrid Biblioteca del Ateneo de Madrid Depósito 1 05/10/2012 Donación   A-12246 1190242 23/02/2023 23/02/2023 Libro impreso